[Event "DOM-ch"]
[Site "Santo Domingo"]
[Date "2022.02.20"]
[Round "4"]
[White "Villalona Arias, Fidel Bienvenido"]
[Black "Perez Feliz, Jose Enrique"]
[Result "1/2-1/2"]
[WhiteElo "1848"]
[BlackElo "1925"]
[PlyCount "82"]
[EventDate "2022.02.18"]
[EventType "swiss"]
[EventRounds "11"]
[EventCountry "DOM"]
[SourceTitle "EXT 2023"]
[Source "ChessBase"]
[SourceDate "2022.10.05"]
[SourceVersion "1"]
[SourceVersionDate "2022.10.05"]
[SourceQuality "1"]

1. c4 Nf6 2. g3 e6 3. Bg2 d5 4. b3 c6 5. Nf3 Bd6 6. Bb2 Nbd7 7. 0-0 0-0 8. d3 Re8 9. Nc3 Nf8 10. e4 dxe4 11. dxe4 e5 12. Qe2 Bg4 13. h3 Bxf3 14. Qxf3 Ne6 15. Ne2 Qe7 16. Rad1 Rad8 17. Qc3 Bc7 18. b4 Rxd1 19. Rxd1 Rd8 20. Rxd8+ Qxd8 21. Qc2 c5 22. a3 Nd4 23. Nxd4 cxd4 24. Bf1 Qd7 25. Kh2 Qc6 26. Bd3 Ne8 27. Bc1 b6 28. Qe2 Nd6 29. f3 Nb7 30. Qc2 Nd6 31. Bd2 a5 32. Qb3 axb4 33. Bxb4 g6 34. Bxd6 Bxd6 35. Kg2 Qc5 36. a4 Qb4 37. Qxb4 Bxb4 38. Kf2 Kf8 39. Ke2 Ke7 40. Bc2 Kd6 41. Kd3 Kc5 1/2-1/2

[Event "Santo Domingo Independencia op 8th"]
[Site "Santo Domingo"]
[Date "2019.02.23"]
[Round "7"]
[White "Mendez Ramirez, Victor"]
[Black "Villalona Arias, Fidel Bienvenido"]
[Result "1-0"]
[WhiteElo "1964"]
[BlackElo "1758"]
[PlyCount "79"]
[EventDate "2019.02.15"]
[EventType "swiss"]
[EventRounds "8"]
[EventCountry "DOM"]
[SourceTitle "CBM 189 Extra"]
[Source "ChessBase"]
[SourceDate "2019.06.03"]
[SourceVersion "1"]
[SourceVersionDate "2019.06.03"]
[SourceQuality "1"]

1. d4 Nf6 2. Bf4 g6 3. Nc3 Bg7 4. e4 d6 5. Qd2 c6 6. h3 b5 7. Bd3 Qb6 8. Nf3 0-0 9. 0-0 a6 10. Ne2 c5 11. c3 Nh5 12. Be3 f5 13. exf5 gxf5 14. Bh6 Rf6 15. Bxg7 Nxg7 16. Nf4 Bb7 17. d5 Nd7 18. Rfe1 c4 19. Rxe7 Qd8 20. Rxg7+ Kxg7 21. Nh5+ Kh8 22. Nxf6 Qxf6 23. Bc2 Nb6 24. Qd4 Nxd5 25. Bxf5 Rf8 26. Be4 Qxd4 27. Nxd4 Ba8 28. Bxd5 Bxd5 29. f3 Re8 30. Kf2 Bf7 31. Re1 Rxe1 32. Kxe1 d5 33. Kf2 Kg7 34. Ke3 Kf6 35. f4 Be8 36. g4 h6 37. h4 a5 38. a3 b4 39. axb4 axb4 40. cxb4 1-0

[Event "Santo Domingo Independencia op 8th"]
[Site "Santo Domingo"]
[Date "2019.02.22"]
[Round "5"]
[White "Perez Feliz, Jose Enrique"]
[Black "Villalona Arias, Fidel Bienvenido"]
[Result "0-1"]
[WhiteElo "1930"]
[BlackElo "1758"]
[PlyCount "31"]
[EventDate "2019.02.15"]
[EventType "swiss"]
[EventRounds "8"]
[EventCountry "DOM"]
[SourceTitle "CBM 189 Extra"]
[Source "ChessBase"]
[SourceDate "2019.06.03"]
[SourceVersion "1"]
[SourceVersionDate "2019.06.03"]
[SourceQuality "1"]

1. e4 e6 2. d4 d5 3. exd5 exd5 4. Bd3 Nc6 5. c3 Bd6 6. h3 Nge7 7. Nf3 Bf5 8. Bg5 f6 9. Be3 Qd7 10. Qc2 0-0 11. Nbd2 Bxd3 12. Qxd3 Qf5 13. Qb5 Qc2 14. 0-0 b6 15. c4 h5 16. cxd5 0-1